LEADER 00900nam0-22002891i-450- 001 990007540870403321 005 20060913135520.0 035 $a000754087 035 $aFED01000754087 035 $a(Aleph)000754087FED01 035 $a000754087 100 $a20030814d1914----km-y0itay50------ba 101 0 $aeng 102 $aKR 105 $aa-------001yy 200 1 $aAnnual Report on Reforms and progress in Chosen (Korea) (1912 - 13)$fcompiled by Government general of Chosen 210 $aKeijo$cs.n.$d1914 215 $aXIII, 271 p., 4 c. geogr. ripieg., [35] c. di ill.$d27 cm 610 0 $aCorea 712 02$aChosen$bGoverment General 801 0$aIT$bUNINA$gRICA$2UNIMARC 901 $aBK 912 $a990007540870403321 952 $aG-04-001$bI.G. s.i.$fILFGE 959 $aILFGE 996 $aAnnual Report on Reforms and progress in Chosen (Korea) (1912 - 13$9684665 997 $aUNINA